00382pab a2200121 454500008004000000100002200040245008900062260000900151300001300160650003400173650002000207773003300227180718b2001 xxu||||| |||| 00| 0 eng d aCapuno, Joseph J. aPolicy reform under decentralization financing of health services in the Philippines c2001 ap.109-28 aHealth services - Philippines aHealth services aRegional Development Studies